PLANNING WITHIN COMPLEX URBAN SYSTEMS (Record no. 12293)

000 -LEADER
fixed length control field 00420 a2200181 4500
003 - CONTROL NUMBER IDENTIFIER
control field OSt
005 - DATE AND TIME OF LATEST TRANSACTION
control field 20231117152344.0
008 - FIXED-LENGTH DATA ELEMENTS--GENERAL INFORMATION
fixed length control field 231117b ||||| |||| 00| 0 eng d
020 ## - INTERNATIONAL STANDARD BOOK NUMBER
International Standard Book Number 9780367566814
040 ## - CATALOGING SOURCE
Original cataloging agency BMSCA
041 ## - LANGUAGE CODE
Language code of text/sound track or separate title eng.
082 ## - DEWEY DECIMAL CLASSIFICATION NUMBER
Edition number 23
Classification number 307.1216
Item number SHI
100 ## - MAIN ENTRY--PERSONAL NAME
Personal name SHIH-KUNG LAI
245 ## - TITLE STATEMENT
Title PLANNING WITHIN COMPLEX URBAN SYSTEMS
260 ## - PUBLICATION, DISTRIBUTION, ETC. (IMPRINT)
Name of publisher, distributor, etc Routledge
Date of publication, distribution, etc 2022
300 ## - PHYSICAL DESCRIPTION
Extent 291,p.:
942 ## - ADDED ENTRY ELEMENTS (KOHA)
Source of classification or shelving scheme
Holdings
Withdrawn status Lost status Source of classification or shelving scheme Damaged status Koha normalized classification for sorting Not for loan Permanent location Current location Date acquired Source of acquisition Cost, normal purchase price Full call number Barcode Date last seen Cost, replacement price Price effective from Koha item type
        307_120000000000000_SHI   BMS College of Architecture, Design and Planning BMS College of Architecture, Design and Planning 2023-11-17 1 3169.89 307.12 SHI AR-RD227 2023-11-17 4226.52 2023-11-17 R&D Books
Copyright © 2025, The Librarian, Library and Information Centre, BMSCA D&P, Bengaluru. All Rights Reserved
web counter

Powered by Koha